| 000 | 00969cam a2200289 i 4500 | ||
|---|---|---|---|
| 001 | 11589 | ||
| 003 | BD RJUL | ||
| 005 | 20211208235142.0 | ||
| 008 | 140127m1975 9999fr a b i000 0 eng | ||
| 020 | _a9231012797 | ||
| 035 | _a(BD RJUL)11638 | ||
| 040 |
_aDLC _cDLC _dBD RJUL _beng |
||
| 041 | _aeng | ||
| 082 | 0 | 0 |
_223 _a577.88095 _bTEA 1975 |
| 245 | 0 | 0 |
_aTeacher's study guide on the biology of human populations : _bAsia / |
| 260 |
_aParis : _bUnesco Press, _c1975. |
||
| 300 |
_a454 p. : _bill. ; _c24 cm. |
||
| 500 | _aIssued also in French and Spanish. | ||
| 504 | _aBibliography: p. 437-438. | ||
| 650 | 0 |
_aPopulation _xStudy and teaching (Secondary) _935847 |
|
| 650 | 0 |
_aHuman population genetics. _9220339 |
|
| 650 | 0 |
_aHuman ecology _xStudy and teaching (Secondary) _935848 |
|
| 650 | 0 |
_aPopulation _xStudy and teaching (Secondary) _935849 |
|
| 650 | 0 |
_aBiology _xStudy and teaching (Secondary) _935850 |
|
| 710 | 2 |
_aUnesco. _935851 |
|
| 942 |
_2ddc _cBK |
||
| 999 |
_c11589 _d11589 |
||